Краище (Запис номер 107386)
[ съкратено ]
| 000 -Лидер | |
|---|---|
| Контролно поле с фиксирана дължина | 01319nam a2200361 c 4500 |
| 003 - Код на организацията, давaща контролен номер | |
| Контролно поле | BLK |
| 005 - Дата и час на последна редакция | |
| Контролно поле | 20180422105759.0 |
| 008 - Елементи от данни с фиксирана дължина | |
| fixed length control field | 180409b bul|||||r ||||||| ||bul|| |
| 010 ## - Наследен системен номер | |
| LC control number | KNG00112674000 |
| 040 ## - Източник на каталожния запис | |
| Идентификатор на билиотеката - собственик на записа | BLK |
| 041 ## - Код за език | |
| Код за езика на текст/звукозапис или на отделно заглавие | Български |
| Код за езика КДБФ | Български |
| 080 ## - УДК | |
| Текстов определител УДК | Краезнание |
| УДК код - определител по УДК | 908 |
| УДК определител | (497.22-31) |
| УДК - код + определител | 908(497.22-31) |
| 100 1# - Редна дума - Автор | |
| Автор | Георгиев, Пантелей |
| Авторска отговорност | първи автор |
| R(LIN) | 372843 |
| 139 ## - Редно поле | |
| Редна дума | Георгиев, Пантелей |
| Авторски знак | Георгиев - Г 37 |
| 245 10 - Сведения за заглавието | |
| Заглавие | Краище |
| Редно поле (дума) | Пантелей Георгиев; * Пантелей Георгиев Митев. |
| 257 ## - Страна на издаване | |
| Страна на създаване/издаване | България |
| 260 ## - Област на издателските данни | |
| -- | София |
| Име на издателя, разпространителя и проч. | Аси |
| Година на издаване | 2003 |
| 300 ## - Физическа характеристика | |
| Страници | 195 с., 1 л. |
| Илюстрации и др. | к. |
| Размери/Мащаб | 20 см |
| 380 ## - Жанр | |
| Жанр | История |
| 490 1# - СЕРИИ (Колекции) | |
| Име на серия | Библиотека Краище |
| 500 ## - Общи забележки | |
| Забележка | Пълното име на авт. е Пантелей Георгиев Митев ; Авт. не е отбелязан на кор. - Офс. изд. - Библиогр. с. 192-193. |
| 504 ## - Забележка за наличие на библиография и др | |
| Забележка за наличие на библиография и под. | 192-193 |
| 650 #4 - Допълнително описание по предмет – тема | |
| Основно описание – тема или топоним | Села - България |
| 9 (RLIN) | 241989 |
| 653 ## - Ключова дума – ненормативна | |
| Ключова дума | Краище |
| 653 ## - Ключова дума – ненормативна | |
| Ключова дума | България |
| 653 ## - Ключова дума – ненормативна | |
| Ключова дума | история |
| 700 1# - Други автори (авторска отговорност) | |
| Лично име | Митев, Пантелей Георгиев |
| Автороска отговорност (Описва отношението между автора и произведението) | * |
| 9 (RLIN) | 273821 |
| 852 ## - Местоположение | |
| Форматна сигнатура | Цб 219235 |
| 856 4# - Електронен адрес и достъп | |
| Електронен формат | pdf - файл |
| Път до файла /url/ | |
| 856 4# - Електронен адрес и достъп | |
| Електронен формат | pdf - файл |
| Път до файла /url/ | |
| 942 ## - АРТИКУЛИ | |
| Вид на библиотечния материал | Книги |
| Скрит в OPAC | Не |
| 944 ## - СЪЗДАВАНЕ И РЕДАКЦИЯ на ЗАПИСА | |
| Създаване/Редакция | Създаване |
| Дата на регистрацията/редакция | 29.04.2004 |
| Служител, извършил регистрацията/редакцията | АДМИНИСТРАТОР_НА_АБ |
| 944 ## - СЪЗДАВАНЕ И РЕДАКЦИЯ на ЗАПИСА | |
| Създаване/Редакция | Редакция |
| Дата на регистрацията/редакция | 22.06.2004 |
| Служител, извършил регистрацията/редакцията | |
| 999 ## - СИСТЕМНИ КОНТРОЛНИ НОМЕРА | |
| Koha biblionumber | 107386 |
| Koha biblioitemnumber | 107386 |
| Код за отписване | Код за изгубен артикул | Код за повреда | Коз за рестрикции | Код за отдаване | Артикулен № | Име на библиотеката - собственик | Име на библиотеката, в която се намира в момента | Статус (Текущо местоположение) | Дата на вписване в системата | Местоположение - отдел | Цена в лева | Инвентарен номер | Систематично азбучна сигнатура | Баркод | Номер на екземпляра | Цена в евро | Служебна бележка | Служебен тип на артикула |
|---|---|---|---|---|---|---|---|---|---|---|---|---|---|---|---|---|---|---|
| Не е изгубен | Не е повреден | без рестрикции | ползва се в читалня | 173287 | Регионална библиотека "Любен Каравелов" Русе | Регионална библиотека "Любен Каравелов" Русе | Хранилище | 2004-04-29 | Хранилище | 0.00 | 120000684968 | Цб 219235 | 120000684968 | 1 | 0.00 | Дост: Dp Вид: Д N: 25 Дата: 11.06.2003 | Книги |